[Event "12. Open Internacional Málaga"]
[Site "Malaga ESP"]
[Date "2009.07.15"]
[Round "6.3"]
[White "Suba, Mihai"]
[Black "Levin, Felix"]
[Result "1/2-1/2"]
[WhiteElo "2540"]
[BlackElo "2491"]
[PlyCount "115"]
[EventDate "2009.07.11"]
[EventType "swiss"]
[EventRounds "9"]
[EventCountry "ESP"]
[Source "lmi"]
[SourceDate "2009.07.11"]

1. c4 e6 2. Nf3 Nf6 3. g3 d5 4. Bg2 dxc4 5. Qa4+ c6 6. Qxc4 b5 7. Qb3 Bb7 8.
O-O Nbd7 9. Nc3 a6 10. d3 Be7 11. Bf4 O-O 12. Ne5 Nd5 13. Nxd5 cxd5 14. Rfc1
Nxe5 15. Bxe5 Rc8 16. Rc3 Qd7 17. Rac1 Rxc3 18. Rxc3 Rc8 19. h4 b4 20. Rxc8+
Qxc8 21. Qa4 Qc1+ 22. Kh2 Qc6 23. Qa5 Qc5 24. Qxc5 Bxc5 25. d4 Be7 26. e3 f6
27. Bc7 Kf7 28. Bf1 Ke8 29. Bd3 Kd7 30. Ba5 h6 31. h5 Kc6 32. g4 Bc8 33. f3 f5
34. f4 Kb7 35. Kg3 Bd7 36. Bc2 Bf8 37. Bd8 Bd6 38. Bd1 Bf8 39. Bf3 Bc6 40. Kf2
Bd6 41. Ba5 Be7 42. Ke1 Bd6 43. Kd2 Be7 44. Be2 Bd7 45. Bd1 Be8 46. Ke1 Bh4+
47. Kf1 Be7 48. Kg2 Bd7 49. Bc2 Bd6 50. Bb3 Bc6 51. Bd8 Bf8 52. Bc2 Bd7 53. Bd3
Bd6 54. g5 Bf8 55. Be2 Ba4 56. b3 Be8 57. Kf2 Bd7 58. Ke1 1/2-1/2

[Event "12. Open Internacional Málaga"]
[Site "Malaga ESP"]
[Date "2009.07.15"]
[Round "6.5"]
[White "Fernandez Romero, Ernesto"]
[Black "Carlsson, Pontus"]
[Result "1/2-1/2"]
[WhiteElo "2461"]
[BlackElo "2494"]
[PlyCount "70"]
[EventDate "2009.07.11"]
[EventType "swiss"]
[EventRounds "9"]
[EventCountry "ESP"]
[Source "lmi"]
[SourceDate "2009.07.11"]

1. e4 c5 2. Ne2 d6 3. g3 g6 4. Bg2 Bg7 5. c3 Nf6 6. d4 O-O 7. O-O e5 8. h3 exd4
9. cxd4 cxd4 10. Nxd4 d5 11. exd5 Nxd5 12. Nc3 Nb4 13. Ndb5 N8c6 14. Nd6 Nc2
15. Qxc2 Qxd6 16. Bf4 Qc5 17. Rac1 Bf5 18. Qa4 Qd4 19. Qa3 a5 20. Rfd1 Qb4 21.
Bd6 Qxa3 22. Bxa3 Rfd8 23. Nd5 Bh6 24. f4 Bf8 25. Bxf8 Kxf8 26. g4 Be6 27. Nc7
Rxd1+ 28. Rxd1 Rd8 29. Nxe6+ fxe6 30. Rxd8+ Nxd8 31. Kf2 Ke7 32. Ke3 Kd6 33.
Be4 e5 34. h4 exf4+ 35. Kxf4 Ne6+ 1/2-1/2

[Event "12. Open Internacional Málaga"]
[Site "Malaga ESP"]
[Date "2009.07.15"]
[Round "6.6"]
[White "Tratar, Marko"]
[Black "Guerra Bastida, Diego"]
[Result "1/2-1/2"]
[WhiteElo "2494"]
[BlackElo "2419"]
[PlyCount "91"]
[EventDate "2009.07.11"]
[EventType "swiss"]
[EventRounds "9"]
[EventCountry "ESP"]
[Source "lmi"]
[SourceDate "2009.07.11"]

1. d4 e6 2. c4 f5 3. g3 Nf6 4. Bg2 c6 5. Nf3 d5 6. O-O Bd6 7. Nbd2 O-O 8. Ne5
Nbd7 9. Ndf3 Ne4 10. Bf4 g5 11. Nxd7 Bxd7 12. Nxg5 Bxf4 13. gxf4 Nxg5 14. fxg5
Qxg5 15. f4 Qf6 16. Qd3 Kh8 17. Kh1 Rg8 18. Bf3 dxc4 19. Qxc4 Rg6 20. Qc5 Rh6
21. Rg1 Rh4 22. e3 Rh3 23. Rg3 Rxg3 24. hxg3 Be8 25. b4 Kg8 26. Kg2 Qf8 27. a4
Qxc5 28. bxc5 b6 29. Rb1 Rb8 30. Kf2 Kf8 31. Ke2 Ke7 32. Kd2 Kd7 33. Rh1 Bg6
34. Bh5 bxc5 35. Bxg6 hxg6 36. dxc5 e5 37. Rh6 Rb2+ 38. Kc3 Re2 39. Kd3 Ra2 40.
fxe5 Ke6 41. Rxg6+ Kxe5 42. Rxc6 Rxa4 43. Ke2 Rc4 44. Ra6 Rxc5 45. Rxa7 Rc4 46.
Kf3 1/2-1/2

[Event "12. Open Internacional Málaga"]
[Site "Malaga ESP"]
[Date "2009.07.15"]
[Round "6.9"]
[White "Cruz Ravina, Francisco Javier"]
[Black "Larino Nieto, David"]
[Result "1/2-1/2"]
[WhiteElo "2345"]
[BlackElo "2455"]
[PlyCount "142"]
[EventDate "2009.07.11"]
[EventType "swiss"]
[EventRounds "9"]
[EventCountry "ESP"]
[Source "lmi"]
[SourceDate "2009.07.11"]

1. e4 d6 2. Nf3 Nf6 3. d3 c5 4. g3 g6 5. Bg2 Bg7 6. O-O O-O 7. Nc3 Nc6 8. Ne1
Rb8 9. f4 Bg4 10. Qd2 Bd7 11. h3 Nd4 12. g4 b5 13. Ne2 Nxe2+ 14. Qxe2 b4 15. e5
Ne8 16. Nf3 f5 17. exf6 exf6 18. f5 g5 19. h4 h6 20. Bd2 Nc7 21. Rae1 Re8 22.
Qf2 Rxe1 23. Rxe1 Ba4 24. Bc1 Qf8 25. Re2 Re8 26. h5 Qf7 27. b3 Rxe2 28. Qxe2
Be8 29. Nd2 d5 30. d4 Bf8 31. Bb2 Bb5 32. Qf3 Kg7 33. c4 bxc3 34. Bxc3 Bd6 35.
Nf1 Qe7 36. Qe3 Qf8 37. dxc5 Bxc5 38. Bd4 Bxd4 39. Qxd4 Bxf1 40. Bxf1 Qa3 41.
Qe3 Kf7 42. Bg2 Qa5 43. a4 Kf8 44. Qd4 Qe1+ 45. Bf1 Qg3+ 46. Bg2 Qe5 47. Qxa7
d4 48. Qb8+ Ke7 49. Qb4+ Kd7 50. Qd2 Qc5 51. Qd3 Qc1+ 52. Bf1 Qf4 53. Qe2 Qg3+
54. Kh1 Qxb3 55. Qc4 Qxc4 56. Bxc4 Kd6 57. a5 Kc5 58. Bf1 Kb4 59. a6 Kc3 60. a7
d3 61. Kg2 Kd4 62. Kf3 d2 63. Ke2 Kc3 64. Kd1 Nd5 65. a8=Q Ne3+ 66. Ke2 d1=Q+
67. Kxe3 Qe1+ 68. Be2 Qg1+ 69. Ke4 Qb1+ 70. Ke3 Qg1+ 71. Ke4 Qb1+ 1/2-1/2

[Event "12. Open Internacional Málaga"]
[Site "Malaga ESP"]
[Date "2009.07.15"]
[Round "6.10"]
[White "Bellon Lopez, Juan Manuel"]
[Black "Garrido Dominguez, Jesus"]
[Result "0-1"]
[WhiteElo "2445"]
[BlackElo "2333"]
[PlyCount "68"]
[EventDate "2009.07.11"]
[EventType "swiss"]
[EventRounds "9"]
[EventCountry "ESP"]
[Source "lmi"]
[SourceDate "2009.07.11"]

1. d4 d6 2. g3 g6 3. Bg2 Bg7 4. e4 Nf6 5. Nc3 c6 6. Nge2 e5 7. dxe5 dxe5 8.
Qxd8+ Kxd8 9. f4 Nbd7 10. b3 exf4 11. gxf4 Nc5 12. Ba3 Nfd7 13. O-O-O Kc7 14.
e5 Re8 15. b4 Ne6 16. b5 c5 17. Nd5+ Kb8 18. Rhf1 Nb6 19. Ne3 a6 20. Nc3 axb5
21. Nxb5 Bd7 22. Rxd7 Nxd7 23. Nc4 Nxf4 24. Nbd6 Nxe5 25. Nxe8 Nxc4 26. Nxg7
Nxg2 27. Bb2 Rxa2 28. Rf2 Rxb2 29. Rxg2 Rb6 30. h4 Rf6 31. Kb1 Kc8 32. h5 h6
33. Re2 Nd6 34. Kb2 Kd7 0-1

[Event "12. Open Internacional Málaga"]
[Site "Malaga ESP"]
[Date "2009.07.15"]
[Round "6.11"]
[White "Gavilan Diaz, Mario"]
[Black "Djuric, Stefan"]
[Result "0-1"]
[WhiteElo "2280"]
[BlackElo "2437"]
[PlyCount "80"]
[EventDate "2009.07.11"]
[EventType "swiss"]
[EventRounds "9"]
[EventCountry "ESP"]
[Source "lmi"]
[SourceDate "2009.07.11"]

1. d4 Nf6 2. c4 g6 3. Nc3 Bg7 4. e4 d6 5. Nf3 O-O 6. Be2 e5 7. O-O Qe7 8. d5 a5
9. Ne1 Na6 10. Nd3 Bd7 11. Rb1 c6 12. Bg5 h6 13. Be3 cxd5 14. cxd5 Rfc8 15. Qd2
b5 16. b4 Rc4 17. a3 Nxe4 18. Nxe4 Rxe4 19. bxa5 Ra4 20. Nb4 Nc5 21. Nc6 Bxc6
22. dxc6 R4xa5 23. Rxb5 Rxb5 24. Bxb5 Rxa3 25. Bxh6 Bxh6 26. Qxh6 d5 27. Rc1
Ne6 28. Qd2 Nc7 29. Bf1 Kg7 30. Rb1 Qc5 31. Qg5 Qd6 32. Qh4 Ne6 33. Rc1 d4 34.
Qe4 Rc3 35. Rxc3 dxc3 36. Qc4 Qd4 37. Qe2 Qc5 38. Qc2 Nd4 39. Qc1 c2 40. Bd3
Qc3 0-1

[Event "12. Open Internacional Málaga"]
[Site "Malaga ESP"]
[Date "2009.07.15"]
[Round "6.12"]
[White "Stefansson, Hannes"]
[Black "Perez Pardo, Juan Carlos"]
[Result "1-0"]
[WhiteElo "2580"]
[BlackElo "2280"]
[PlyCount "41"]
[EventDate "2009.07.11"]
[EventType "swiss"]
[EventRounds "9"]
[EventCountry "ESP"]
[Source "lmi"]
[SourceDate "2009.07.11"]

1. e4 e5 2. Nf3 Nc6 3. Bb5 a6 4. Ba4 f5 5. d4 exd4 6. e5 Bc5 7. O-O Nge7 8. c3
dxc3 9. Nxc3 d5 10. Bg5 b5 11. Nxb5 axb5 12. Bxb5 Bb7 13. Rc1 Bb6 14. Bxe7 Kxe7
15. Bxc6 Bxc6 16. Rxc6 Rxa2 17. Qb3 Ra6 18. Qb4+ Kf7 19. e6+ Ke8 20. Ne5 Qf6
21. Rxb6 1-0

[Event "12. Open Internacional Málaga"]
[Site "Malaga ESP"]
[Date "2009.07.15"]
[Round "6.13"]
[White "Mogranzini, Roberto"]
[Black "Naranjo Moreno, Antonio"]
[Result "1-0"]
[WhiteElo "2415"]
[BlackElo "2244"]
[PlyCount "83"]
[EventDate "2009.07.11"]
[EventType "swiss"]
[EventRounds "9"]
[EventCountry "ESP"]
[Source "lmi"]
[SourceDate "2009.07.11"]

1. e4 e5 2. Nf3 Nc6 3. Bb5 a6 4. Ba4 Nf6 5. Qe2 b5 6. Bb3 Bc5 7. O-O O-O 8. c3
d6 9. d3 Be6 10. Bg5 h6 11. Be3 Bxe3 12. fxe3 Bxb3 13. axb3 d5 14. Nbd2 dxe4
15. dxe4 Qb8 16. Nh4 Ne7 17. Rxf6 gxf6 18. Qh5 Qd8 19. Nf1 Qd3 20. Qg4+ Kh7 21.
Rd1 Qc2 22. Rd7 Rae8 23. Rxe7 Rxe7 24. Nf5 Rg8 25. Qh3 Qxg2+ 26. Qxg2 Rxg2+ 27.
Kxg2 Rd7 28. Kf2 Rd1 29. Ke2 Rb1 30. b4 Rxb2+ 31. Nd2 a5 32. bxa5 Ra2 33. Ne7
Rxa5 34. Nd5 Kg6 35. Nxc7 f5 36. h3 fxe4 37. Nxe4 Ra4 38. Kf3 f5 39. Nd6 Rh4
40. Kg3 b4 41. Kxh4 bxc3 42. Nc4 1-0

[Event "12. Open Internacional Málaga"]
[Site "Malaga ESP"]
[Date "2009.07.15"]
[Round "6.14"]
[White "Quillan, Gary"]
[Black "Charleshouse, Glenn L"]
[Result "0-1"]
[WhiteElo "2405"]
[BlackElo "2175"]
[PlyCount "110"]
[EventDate "2009.07.11"]
[EventType "swiss"]
[EventRounds "9"]
[EventCountry "ESP"]
[Source "lmi"]
[SourceDate "2009.07.11"]

1. e4 c5 2. Nf3 e6 3. c3 d5 4. e5 Nc6 5. d4 Bd7 6. Be2 Rc8 7. O-O a6 8. Re1
cxd4 9. cxd4 Nge7 10. Nc3 Nf5 11. Bd3 Ncxd4 12. Nxd4 Nxd4 13. Qg4 Nf5 14. Bg5
h5 15. Qf4 Be7 16. Bxe7 Nxe7 17. Re3 g6 18. Rae1 Rh7 19. Rh3 Bc6 20. Qd4 Kf8
21. Ree3 Bb5 22. Nxb5 axb5 23. g4 h4 24. Qf4 Rc1+ 25. Kg2 Qc7 26. Ref3 Ke8 27.
Bxb5+ Kd8 28. Ra3 Rc5 29. Ra8+ Nc8 30. Rc3 h3+ 31. Rxh3 Rxh3 32. Kxh3 Rxb5 33.
Qf6+ Ke8 34. Qh8+ Kd7 35. Qf8 Qd8 36. Qxf7+ Qe7 37. Qg8 Rc5 38. Qxg6 d4 39. f4
Rd5 40. Ra3 Nb6 41. Rb3 Kc6 42. Qc2+ Rc5 43. Qe4+ Nd5 44. Qxd4 Qh7+ 45. Kg3 Qc2
46. Qa4+ b5 47. Qa8+ Kd7 48. Qf8 Nc7 49. g5 Rd5 50. Qf7+ Kd8 51. Qf6+ Kd7 52.
Qf7+ Kd8 53. g6 Rd2 54. Qf8+ Ne8 55. Kg4 Qxg6+ 0-1

[Event "12. Open Internacional Málaga"]
[Site "Malaga ESP"]
[Date "2009.07.15"]
[Round "6.15"]
[White "Valmana Canto, Jaime"]
[Black "Cuenca Jimenez, Francisco Javier"]
[Result "0-1"]
[WhiteElo "2348"]
[BlackElo "2174"]
[PlyCount "50"]
[EventDate "2009.07.11"]
[EventType "swiss"]
[EventRounds "9"]
[EventCountry "ESP"]
[Source "lmi"]
[SourceDate "2009.07.11"]

1. e4 d5 2. exd5 Nf6 3. d4 Bg4 4. f3 Bf5 5. c4 e6 6. Nc3 exd5 7. Bg5 Bb4 8.
Qa4+ Nc6 9. cxd5 Qxd5 10. Bxf6 gxf6 11. Bb5 O-O 12. O-O-O Bxc3 13. bxc3 a6 14.
Bd3 Bxd3 15. Rxd3 Rfe8 16. Nh3 Re2 17. Rd2 Re3 18. Rc2 b5 19. Qb3 Qf5 20. Rd1
Rd8 21. d5 Na5 22. Qa3 Nc4 23. Qc5 Rd3 24. Rxd3 Qxd3 25. Qf2 Na3 0-1

[Event "12. Open Internacional Málaga"]
[Site "Malaga ESP"]
[Date "2009.07.15"]
[Round "6.16"]
[White "Ortega Ruiz, Jose Miguel"]
[Black "Weber, Francois"]
[Result "1-0"]
[WhiteElo "2344"]
[BlackElo "2164"]
[PlyCount "59"]
[EventDate "2009.07.11"]
[EventType "swiss"]
[EventRounds "9"]
[EventCountry "ESP"]
[Source "lmi"]
[SourceDate "2009.07.11"]

1. d4 f5 2. e4 fxe4 3. Nc3 Nf6 4. Bg5 Nc6 5. f3 d5 6. fxe4 dxe4 7. d5 Ne5 8.
Qd4 Nf7 9. Bxf6 exf6 10. Qxe4+ Qe7 11. O-O-O Qxe4 12. Nxe4 Bd7 13. Nf3 Bd6 14.
Nxd6+ cxd6 15. Nd4 Ne5 16. Bb5 Bxb5 17. Nxb5 Kd7 18. Nd4 Rac8 19. b3 Rc3 20.
Kb2 Rhc8 21. Rd2 a6 22. Rf1 Ng4 23. Rf3 Ne3 24. Rg3 g6 25. Rh3 h5 26. Rg3 g5
27. Rh3 h4 28. Rf3 Nxd5 29. Rf5 R8c5 30. Rxd5 1-0

[Event "12. Open Internacional Málaga"]
[Site "Malaga ESP"]
[Date "2009.07.15"]
[Round "6.18"]
[White "Cruz Alvarez de Ron, Dan"]
[Black "Pascual Palomo, Lucia"]
[Result "1/2-1/2"]
[WhiteElo "2284"]
[BlackElo "2116"]
[PlyCount "124"]
[EventDate "2009.07.11"]
[EventType "swiss"]
[EventRounds "9"]
[EventCountry "ESP"]
[Source "lmi"]
[SourceDate "2009.07.11"]

1. g3 e6 2. Bg2 f5 3. d3 Nf6 4. e4 d6 5. exf5 exf5 6. Ne2 Nc6 7. O-O Be7 8.
Nbc3 O-O 9. Nf4 Re8 10. Re1 Bd7 11. Ncd5 Qc8 12. Nxf6+ Bxf6 13. Rxe8+ Qxe8 14.
Nd5 Qd8 15. c3 Rb8 16. d4 Be8 17. h4 Bf7 18. Nxf6+ Qxf6 19. Bg5 Qg6 20. Qa4 Be8
21. d5 b5 22. Qa6 Ne5 23. Qxa7 Rc8 24. Re1 Qh5 25. Qe3 Bf7 26. Qe2 Qxe2 27.
Rxe2 Nc4 28. b3 Nb6 29. Rd2 Re8 30. Be3 Nd7 31. Bf1 Rb8 32. Kg2 Nf6 33. c4 Ne4
34. Rc2 b4 35. Bd4 Ra8 36. Bd3 Bg6 37. Bxe4 fxe4 38. Re2 Re8 39. g4 h5 40. Kg3
hxg4 41. Kxg4 Rf8 42. h5 Bf5+ 43. Kg5 Bh7 44. Be3 Rf5+ 45. Kg4 Rf8 46. Bd2 Rb8
47. Kg5 Kf7 48. Be1 Kg8 49. h6 gxh6+ 50. Kxh6 Bf5 51. Re3 Kf7 52. f3 Kf6 53.
Bh4+ Ke5 54. fxe4 Bxe4 55. Kg7 Kf4 56. Re2 Ra8 57. Be1 Bb1 58. Bxb4 Bxa2 59.
Re7 Rc8 60. Ba5 Bxb3 61. Bxc7 Bxc4 62. Bxd6+ Kf3 1/2-1/2

[Event "12. Open Internacional Málaga"]
[Site "Malaga ESP"]
[Date "2009.07.15"]
[Round "6.21"]
[White "Bermejo Martinez, Jorge"]
[Black "Lasinskas, Povilas"]
[Result "1-0"]
[WhiteElo "2240"]
[BlackElo "2268"]
[PlyCount "81"]
[EventDate "2009.07.11"]
[EventType "swiss"]
[EventRounds "9"]
[EventCountry "ESP"]
[Source "lmi"]
[SourceDate "2009.07.11"]

1. Nf3 c5 2. c4 Nc6 3. d4 cxd4 4. Nxd4 Nf6 5. Nc3 e6 6. Ndb5 d6 7. Bf4 e5 8.
Bg5 a6 9. Na3 Qb6 10. Qd2 Be6 11. e3 Be7 12. Be2 O-O 13. O-O Rac8 14. Bxf6 Bxf6
15. Rfd1 Be7 16. Nd5 Bxd5 17. cxd5 Nb8 18. Nc4 Qd8 19. a4 Nd7 20. b4 f5 21.
Rac1 Nb6 22. Nb2 e4 23. a5 Nd7 24. Na4 Rb8 25. Rc2 b5 26. axb6 Nxb6 27. Nb2 Nd7
28. Rc6 a5 29. bxa5 Nc5 30. Nc4 Qd7 31. Qa2 Rb7 32. Rxc5 dxc5 33. d6 Kh8 34.
Ne5 Qe8 35. dxe7 Rxe7 36. Nc4 f4 37. exf4 Rxf4 38. a6 Ra7 39. Nd6 Qf8 40. Nb5
Ra8 41. Nc7 1-0

[Event "12. Open Internacional Málaga"]
[Site "Malaga ESP"]
[Date "2009.07.15"]
[Round "6.22"]
[White "Schmidt, Ralf"]
[Black "Jessel, Stephen"]
[Result "0-1"]
[WhiteElo "2171"]
[BlackElo "2275"]
[PlyCount "82"]
[EventDate "2009.07.11"]
[EventType "swiss"]
[EventRounds "9"]
[EventCountry "ESP"]
[Source "lmi"]
[SourceDate "2009.07.11"]

1. e4 e6 2. d4 d5 3. Nd2 Nf6 4. e5 Nfd7 5. c3 c5 6. Bd3 Nc6 7. Ne2 cxd4 8. cxd4
f6 9. exf6 Nxf6 10. O-O Bd6 11. Nf3 O-O 12. Bf4 Bxf4 13. Nxf4 Qd6 14. g3 Qb4
15. b3 Bd7 16. Re1 Rae8 17. a3 Qb6 18. Ra2 g6 19. Rd2 Re7 20. h4 Qa5 21. Qa1
Nh5 22. b4 Qb6 23. Nxh5 Rxf3 24. Nf4 Rxf4 25. gxf4 Nxd4 26. Qd1 Rf7 27. Bxg6
Rxf4 28. Bxh7+ Kf8 29. Be4 e5 30. Qh5 Rxe4 31. Qh8+ Kf7 32. Qh7+ Ke6 33. Re3
Qd8 34. Rxd4 exd4 35. Rxe4+ dxe4 36. Qxe4+ Kf7 37. Qh7+ Kf6 38. Qh6+ Ke5 39.
Qh5+ Bf5 40. Qe2+ Kf6 41. Qh5 Qg8+ 0-1

[Event "12. Open Internacional Málaga"]
[Site "Malaga ESP"]
[Date "2009.07.15"]
[Round "6.23"]
[White "Vinas Guerrero, Carlos A"]
[Black "Nava Baro, Enrique"]
[Result "1/2-1/2"]
[WhiteElo "2104"]
[BlackElo "2201"]
[PlyCount "117"]
[EventDate "2009.07.11"]
[EventType "swiss"]
[EventRounds "9"]
[EventCountry "ESP"]
[Source "lmi"]
[SourceDate "2009.07.11"]

1. e4 e6 2. d4 d5 3. Nc3 Bb4 4. a3 Bxc3+ 5. bxc3 dxe4 6. Qg4 Nf6 7. Qxg7 Rg8 8.
Qh6 Nbd7 9. Ne2 b6 10. g3 Qe7 11. Bg2 Bb7 12. O-O O-O-O 13. a4 Ng4 14. Qf4 e5
15. Qf5 exd4 16. cxd4 Rde8 17. h3 Ngf6 18. c4 Qe6 19. Qxe6 Rxe6 20. a5 bxa5 21.
Be3 Ra6 22. Nc3 Re8 23. Rfb1 c5 24. dxc5 Ne5 25. Bf1 Rd8 26. Nb5 Ne8 27. Bf4
Nf3+ 28. Kg2 Nd2 29. Rd1 e3+ 30. Kh2 Nf3+ 31. Kg2 Nd2+ 32. Kg1 Bf3 33. Re1 Nxf1
34. Kxf1 e2+ 35. Kg1 Rd1 36. Nc3 Rxa1 37. Rxa1 a4 38. g4 Nf6 39. Kh2 Ne4 40.
Nxe4 Bxe4 41. f3 Bc2 42. Kg3 Bd1 43. Kf2 Rc6 44. Bd6 Kd7 45. Ra3 Rc8 46. Re3
Re8 47. Rxe8 Kxe8 48. c6 e1=Q+ 49. Kxe1 Bxf3 50. c7 Kd7 51. Kd2 f6 52. Be7 Bg2
53. Bxf6 Bxh3 54. g5 Kxc7 55. Kc3 Bg4 56. Kb4 Bd1 57. c5 Kc6 58. Be7 Bb3 59.
Bf8 1/2-1/2

[Event "12. Open Internacional Málaga"]
[Site "Malaga ESP"]
[Date "2009.07.15"]
[Round "6.24"]
[White "Teijeiro Barros, Alberto"]
[Black "Ramos Moreno, Francisco Jose"]
[Result "0-1"]
[WhiteElo "2198"]
[BlackElo "2103"]
[PlyCount "139"]
[EventDate "2009.07.11"]
[EventType "swiss"]
[EventRounds "9"]
[EventCountry "ESP"]
[Source "lmi"]
[SourceDate "2009.07.11"]

1. Nf3 f5 2. d4 Nf6 3. g3 g6 4. Bg2 Bg7 5. c3 O-O 6. O-O Kh8 7. Qb3 c6 8. Bf4
Na6 9. Nbd2 Qe8 10. Rfe1 d6 11. e4 Nh5 12. e5 Nxf4 13. gxf4 d5 14. h4 Nc7 15.
Ng5 Rg8 16. Qd1 h6 17. Nh3 b6 18. b4 Be6 19. Nb3 Bf7 20. Kh2 Rd8 21. Bf3 Bf8
22. Kg3 e6 23. Rh1 Be7 24. Ng1 Rg7 25. Qf1 Qg8 26. Qh3 Rh7 27. Kg2 Qg7 28. Kf1
Rg8 29. a4 Qf8 30. Bg2 Rgg7 31. Qe3 Qg8 32. Nf3 g5 33. hxg5 hxg5 34. Rxh7+ Kxh7
35. Ke2 gxf4 36. Rh1+ Bh5 37. Qxf4 Rxg2 38. Rxh5+ Kg7 39. Nh4 Rg1 40. Qh6+ Kf7
41. Nxf5 exf5 42. Rxf5+ Ke8 43. Qxc6+ Kd8 44. Nd2 Qe6 45. Qxe6 Nxe6 46. Rf7 Rg7
47. Rxg7 Nxg7 48. b5 Ne6 49. Kd3 Bh4 50. f3 Bg5 51. Nf1 Nf4+ 52. Kc2 Kd7 53.
Ne3 Ke6 54. c4 dxc4 55. Nxc4 Kd5 56. Nd6 Ne6 57. Nc8 Nxd4+ 58. Kd3 Nxf3 59.
Nxa7 Nxe5+ 60. Kc3 Kc5 61. Kb3 Nf7 62. a5 bxa5 63. Ka4 Kb6 64. Nc6 Bd2 65. Ne7
Nd6 66. Nd5+ Kc5 67. Nc7 Nc8 68. Ne6+ Kc4 69. Nc7 Nb6+ 70. Ka3 0-1

[Event "12. Open Internacional Málaga"]
[Site "Malaga ESP"]
[Date "2009.07.15"]
[Round "6.25"]
[White "Eyo Castro Rial, Alberto"]
[Black "Jimenez Capilla, Jose Alfonso"]
[Result "1-0"]
[WhiteElo "2196"]
[BlackElo "2023"]
[PlyCount "81"]
[EventDate "2009.07.11"]
[EventType "swiss"]
[EventRounds "9"]
[EventCountry "ESP"]
[Source "lmi"]
[SourceDate "2009.07.11"]

1. e4 e5 2. Nf3 Nf6 3. Nxe5 d6 4. Nf3 Nxe4 5. d4 d5 6. Bd3 Bd6 7. O-O O-O 8. c4
Be6 9. Re1 Re8 10. Qc2 f5 11. Nbd2 c6 12. c5 Bc7 13. Rb1 Nd7 14. b4 Nf8 15. Ne5
Ng6 16. Ndf3 Bd7 17. Bb2 Re6 18. Nxd7 Qxd7 19. Ne5 Nxe5 20. dxe5 g6 21. f3 Ng5
22. Bd4 Re7 23. Be3 Ne6 24. f4 b6 25. Rec1 bxc5 26. bxc5 a5 27. Qa4 Bd8 28. g3
Kf7 29. Bd4 h5 30. Bf2 Bc7 31. Rb7 Nd8 32. Rb3 Re6 33. h3 Re8 34. Rcb1 Rh8 35.
Be2 Ne6 36. Bf3 Nd8 37. Rd3 Qe7 38. Rbd1 Rh7 39. Rxd5 cxd5 40. Bxd5+ Ne6 41.
Bxa8 1-0

[Event "12. Open Internacional Málaga"]
[Site "Malaga ESP"]
[Date "2009.07.15"]
[Round "6.26"]
[White "Sanchez Quiroga, Miguel Angel"]
[Black "Ladron De Guevara Pinto, Paolo"]
[Result "1/2-1/2"]
[WhiteElo "2191"]
[BlackElo "2020"]
[PlyCount "241"]
[EventDate "2009.07.11"]
[EventType "swiss"]
[EventRounds "9"]
[EventCountry "ESP"]
[Source "lmi"]
[SourceDate "2009.07.11"]

1. e4 e6 2. d4 d5 3. Nd2 Nf6 4. e5 Nfd7 5. Bd3 c5 6. c3 Nc6 7. Ne2 cxd4 8. cxd4
f6 9. exf6 Nxf6 10. O-O Bd6 11. Nf3 O-O 12. Bf4 Bxf4 13. Nxf4 Ne4 14. Qc1 Qd6
15. Ne2 Bd7 16. Qe3 Nf6 17. Ne5 Nb4 18. Nc3 Nxd3 19. Qxd3 a6 20. Rfe1 Rae8 21.
Re2 b5 22. a3 Re7 23. Rc1 Rc8 24. Rec2 Rc7 25. Qe3 Be8 26. Ne2 Rxc2 27. Rxc2
Rc7 28. Qc1 Rxc2 29. Qxc2 b4 30. Qc5 Qxc5 31. dxc5 bxa3 32. bxa3 Nd7 33. Nxd7
Bxd7 34. f4 Kf7 35. Kf2 Kf6 36. Ke3 e5 37. fxe5+ Kxe5 38. Nd4 g6 39. Nf3+ Ke6
40. Kd4 h6 41. Ne5 Be8 42. Nd3 g5 43. Nb4 Bb5 44. Nxd5 Bc6 45. Ne3 h5 46. g3 h4
47. Nc4 Kf5 48. Ne5 Bh1 49. a4 Bg2 50. a5 Bh1 51. c6 Ke6 52. c7 Bb7 53. Nf3
hxg3 54. hxg3 Kd6 55. Nxg5 Kxc7 56. Kc5 Bg2 57. Ne6+ Kd7 58. Nf4 Bf1 59. Nd5
Ke6 60. Nc7+ Kf5 61. Kb6 Kg4 62. Nxa6 Kxg3 63. Nc7 Kf4 64. Nb5 Ke5 65. a6 Bg2
66. a7 Bf3 67. Kc7 Bg2 68. Nd6 Ba8 69. Nb7 Ke6 70. Kb8 Kd7 71. Kxa8 Kc8 72. Nc5
Kc7 73. Nb3 Kc8 74. Nd2 Kc7 75. Ne4 Kc8 76. Nf6 Kc7 77. Nd5+ Kc8 78. Ne3 Kc7
79. Nc2 Kc8 80. Na3 Kc7 81. Nc4 Kc8 82. Na5 Kc7 83. Nc6 Kc8 84. Nd8 Kc7 85. Nf7
Kc8 86. Ne5 Kc7 87. Ng6 Kc8 88. Nf8 Kc7 89. Nd7 Kc8 90. Nb6+ Kc7 91. Na4 Kc8
92. Nc3 Kc7 93. Ne4 Kc8 94. Nf6 Kc7 95. Ne8+ Kc8 96. Nd6+ Kc7 97. Nc4 Kc8 98.
Nb2 Kc7 99. Nd3 Kc8 100. Ne5 Kc7 101. Nc6 Kc8 102. Nb4 Kc7 103. Nc6 Kc8 104.
Ne7+ Kc7 105. Ng6 Kc8 106. Nh8 Kc7 107. Ng6 Kc8 108. Nf4 Kc7 109. Ne2 Kc8 110.
Nc3 Kc7 111. Ne4 Kc8 112. Nf6 Kc7 113. Ne4 Kc8 114. Nc5 Kc7 115. Nd7 Kc8 116.
Ne5 Kc7 117. Nf7 Kc8 118. Ng5 Kc7 119. Ne4 Kc8 120. Nf6 Kc7 121. Nd7 1/2-1/2

[Event "12. Open Internacional Málaga"]
[Site "Malaga ESP"]
[Date "2009.07.15"]
[Round "6.27"]
[White "Guadamuro Torrente, Ana Isabel"]
[Black "Jimenez Capilla, Martin R"]
[Result "1/2-1/2"]
[WhiteElo "2136"]
[BlackElo "1984"]
[PlyCount "139"]
[EventDate "2009.07.11"]
[EventType "swiss"]
[EventRounds "9"]
[EventCountry "ESP"]
[Source "lmi"]
[SourceDate "2009.07.11"]

1. e4 c5 2. Nf3 d6 3. d4 cxd4 4. Nxd4 Nf6 5. Nc3 g6 6. Be3 Bg7 7. Be2 O-O 8.
O-O Nc6 9. Kh1 Bd7 10. f4 Nxd4 11. Bxd4 Bc6 12. Bf3 a6 13. a3 Rc8 14. Qd2 b5
15. Qf2 Qc7 16. Rae1 Qb7 17. e5 dxe5 18. Bxc6 Qxc6 19. Bxe5 Ng4 20. Qh4 Nxe5
21. fxe5 Qe6 22. Ne4 h6 23. Nf6+ Kh8 24. c3 Rc5 25. Rd1 Rfc8 26. Ng4 h5 27. Nf2
Rxe5 28. Nd3 Re4 29. Qf2 Re3 30. Nf4 Qe4 31. Rde1 Rxe1 32. Rxe1 Qb7 33. Nh3 Kg8
34. Ng5 Bf6 35. Ne4 Rc6 36. Qf3 Qb6 37. h3 Kg7 38. Rf1 Re6 39. Qd3 Qc6 40. Nxf6
Rxf6 41. Rxf6 Qxf6 42. Qe2 e5 43. c4 bxc4 44. Qxc4 Qb6 45. Qe2 Qb5 46. Qf2 f5
47. Kh2 Kf6 48. Qh4+ Ke6 49. Qg5 Qe8 50. Qe3 Qc6 51. Qh6 Kd5 52. Qd2+ Ke4 53.
Qe2+ Kd4 54. Qd2+ Kc4 55. Qc3+ Kd5 56. Qd2+ Kc5 57. Qb4+ Kd5 58. Qd2+ Ke6 59.
Qh6 Qe8 60. Qe3 Kf6 61. Qb6+ Qe6 62. Qd8+ Kg7 63. Qc7+ Kh6 64. Qd8 e4 65. Qh8+
Kg5 66. Qd8+ Kf4 67. Qc7+ Ke3 68. Qc3+ Ke2 69. Qc2+ Ke1 70. Qc1+ 1/2-1/2

[Event "12. Open Internacional Málaga"]
[Site "Malaga ESP"]
[Date "2009.07.15"]
[Round "6.28"]
[White "Morales De La Rosa, Enrique"]
[Black "Osuna Vega, Enrique"]
[Result "1/2-1/2"]
[WhiteElo "1993"]
[BlackElo "2113"]
[PlyCount "89"]
[EventDate "2009.07.11"]
[EventType "swiss"]
[EventRounds "9"]
[EventCountry "ESP"]
[Source "lmi"]
[SourceDate "2009.07.11"]

1. d4 Nf6 2. Nf3 g6 3. c4 Bg7 4. Nc3 d5 5. Qb3 dxc4 6. Qxc4 O-O 7. Bf4 Na6 8.
e3 Be6 9. Qa4 Nd5 10. Nxd5 Bxd5 11. Bxa6 bxa6 12. Rc1 Bxf3 13. gxf3 Qd5 14. Ke2
Rab8 15. b3 Rb5 16. Bxc7 e5 17. dxe5 Bxe5 18. Rhd1 Qe6 19. Qc4 Qf6 20. Bxe5
Rxe5 21. Qd4 Qe7 22. Qd6 Re8 23. Qxe7 R8xe7 24. Rc4 Rb7 25. Rdd4 a5 26. Rc6 Kg7
27. Kd3 Rf5 28. Ke2 Re5 29. Rdc4 Rh5 30. h4 Rb4 31. Rxb4 axb4 32. Ra6 Rxh4 33.
Rxa7 Rh1 34. Rb7 Ra1 35. Rxb4 Rxa2+ 36. Kf1 Rb2 37. Kg2 Rb1 38. Rb7 g5 39. b4
h5 40. b5 Kg6 41. b6 Kg7 42. Rb8 Kg6 43. e4 Rb3 44. b7 Kg7 45. Kg1 1/2-1/2